Years in Baseball - Statistics

General Stats
  • This quiz has been taken 2,851 times
    87 since last reset
  • The average score is 15 of 24
Answer Stats
Event Year % Correct
Red Sox reverse the curse 2004
91%
Jackie Robinson breaks the color barrier 1947
83%
World Series canceled due to strike 1994
83%
Barry Bonds hits 73 home runs 2001
81%
Mark McGwire hits 70 home runs 1998
80%
Ted Williams is last person to hit .400 1941
77%
Roger Maris hits 61 home runs 1961
74%
Babe Ruth hits 60 home runs 1927
73%
Cubs win their first World Series since 1908 2016
64%
Chicago Black Sox throw the World Series 1919
63%
Miracle Mets win the World Series 1969
63%
First World Series 1903
57%
Red Sox sell Babe Ruth to Yankees 1919
57%
Dodgers move to Los Angeles 1958
56%
Hank Aaron breaks career HR record 1974
56%
DiMaggio's 56-game hit streak 1941
51%
Don Larsen pitches a perfect game in the World Series 1956
50%
Reggie Jackson hits 3 home runs in Game 6 of the World Series 1977
50%
Bobby Thompson's "Shot Heard 'Round the World" 1951
49%
Lou Gehrig gives "luckiest man" speech 1939
46%
American League introduces the DH 1973
46%
In "Year of the Pitcher", Denny McLain wins 31 games 1968
43%
Rickey Henderson steals 130 bases 1982
41%
Upper Deck baseball cards released 1989
30%
No matching quizzes found
Score Distribution
Percent of People with Each Score
Percentile by Number Answered
Your Score History
You have not taken this quiz since the last reset